Detalles MARC
| 000 -LÍDER |
| Campo fijo de descripción fija |
01497nam a2200349 i 4500 |
| 001 - NÚMERO DE CONTROL |
| Campo de control |
768714001 |
| 003 - IDENTIFICADOR DEL NÚMERO DE CONTROL |
| Campo de control |
CO-MdFUSB |
| 005 - FECHA Y HORA DE LA ULTIMA TRANSACCIÓN |
| control field |
20220729130846.0 |
| 007 - CAMPO FIJO DE DESCRIPCIÓN FIJA--INFORMACIÓN GENERAL |
| Campo fijo de descripción fija |
ta |
| 008 - ELEMENTOS DE LONGITUD FIJA -- INFORMACIÓN GENERAL |
| Campo fijo de descripción fija -- Información general |
220222t2000 ck |||| |||| 00| 0 spa d |
| 020 ## - NÚMERO INTERNACIONAL NORMALIZADO PARA LIBROS |
| Número Internacional Normalizado del libro |
[No incluye ISBN] |
| 040 ## - FUENTE DE CATALOGACIÓN |
| Agencia de catalogación original |
CO-MdFUSB |
| Idioma de catalogación |
spa |
| Agencia que realiza la transcripción |
CO-MdFUSB |
| Agencia que realiza la modificación |
CO-MdFUSBC |
| Convenciones de la descripción |
rda |
| 041 ## - CÓDIGO DE IDIOMA |
| Código de idioma para texto/pista de sonido o título separado |
spa |
| 082 ## - NÚMERO DE CLASIFICACIÓN DECIMAL DEWEY |
| Número de la edición del Dewey |
23 |
| Número de clasificación |
370 |
| Clave de autor-Numero de item |
UN58 |
| 110 ## - ASIENTO PRINCIPAL--NOMBRE CORPORATIVO |
| Nombre corporativo o de jurisdicción como elemento de entrada |
Centro de Ciencia y Tecnología de Antioquia |
| 245 13 - TÍTULO |
| Título del Material |
La universidad y la escuela aprenden enseñando : |
| Parte restante del título - Subtitulo |
reflexiones desde la experiencia del Servicio Social Educativo Universitario SSEU |
| Mención de responsabilidad, etc. |
/ Centro de Ciencia y Tecnología de Antioquia |
| 264 #1 - PRODUCCIÓN, PUBLICACIÓN, DISTRIBUCIÓN, MANUFACTURA, Y COPYRIGHT |
| Lugar de producción, publicación, distribución, manufactura |
Medellín, Colombia : |
| Nombre del productor, publicador, distribuidor |
Centro de Ciencia y Tecnología de Antioquia, |
| Fecha de producción, publicación, distribución, manufactura, o copyright |
[2000] |
| 264 #4 - PRODUCCIÓN, PUBLICACIÓN, DISTRIBUCIÓN, MANUFACTURA, Y COPYRIGHT |
| Fecha de producción, publicación, distribución, manufactura, o copyright |
© 2000 |
| 300 ## - DESCRIPCIÓN FÍSICA |
| Extensión |
79 páginas |
| Dimensiones |
; 23 cm |
| 336 ## - TIPO DE CONTENIDO |
| Fuente |
rdacontent |
| Término de tipo de contenido |
texto |
| Código de tipo de contenido |
txt |
| 337 ## - TIPO DE MEDIO |
| Fuente |
rdamedia |
| Nombre del tipo de medio |
sin mediación |
| Código del tipo de medio |
n |
| 338 ## - TIPO DE SOPORTE |
| Fuente |
rdacarrier |
| Nombre del tipo de soporte |
volumen |
| Código Tipo de soporte |
nc |
| 505 ## - NOTA DE CONTENIDO |
| Título |
Orgullo |
| Mención de responsabilidad |
/ Sergio Fajardo |
| 505 ## - NOTA DE CONTENIDO |
| Título |
El Servicio Social Educativo Universitario: una relación contemporánea entre la universidad y la escuela.<br/> |
| Mención de responsabilidad |
/ Rafael Aubad López y Juan Manuel Valdés Barcha |
| 505 ## - NOTA DE CONTENIDO |
| Título |
Las tecnologías de información y comunicación: valor agregado al aprendizaje en la escuela. |
| Mención de responsabilidad |
Claudia María Zea Restrepo, María del Rosario Atuesta Vanegas. |
| 563 ## - NOTA DE ENCUADERNACIÓN |
| Nota de encuadernación |
Rústico |
| 650 #0 - ASIENTO SECUNDARIO DE MATERIA - TERMINO TEMÁTICO |
| 9 (RLIN) |
970 |
| Término temático o nombre geográfico como elemento de entrada |
Educación |
| Subdivisión geográfica |
Medellín (Colombia) |
| 653 ## - TÉRMINO DE INDIZACIÓN - NO CONTROLADO |
| Término no controlado |
Escuela y universidad |
| 653 ## - TÉRMINO DE INDIZACIÓN - NO CONTROLADO |
| Término no controlado |
Tecnologías de la información. -- Educacón. |
| 942 ## - TIPO DE MATERIAL (KOHA) |
| Tipo de Item KOHA |
Libros General |
| 945 ## - INFORMACIÓN LOCAL DEL REGISTRO |
| Catalogador |
JTF-925 |